000 00525cam a2200169 i 4500
001 000014476
005 20200929163845.0
008 761116s1976 ck b 000 0 spa
040 _aDO-SdBNP
_bspa
_cBNPHU
100 1 _aBarriga Lopez, Leonardo.
_923337
245 1 0 _aBajo el pabellon de Colombia /
_cLeonardo Barriga Lopez.
260 _aBogota :
_bEdiciones Equinoccio,
_c1976.
300 _a105 p. ;
_c22 cm.
504 _aBibliography: p. 105.
651 0 _aColombia
_xHistory.
_932698
651 0 _aEcuador
_xHistory.
_932699
999 _c14065
_d14065